Normal view
MARC view
Entry Personal Name
001 - CONTROL NUMBER
- control field: 9168
003 - CONTROL NUMBER IDENTIFIER
- control field: BD-RjUL
005 - DATE AND TIME OF LATEST TRANSACTION
- control field: 20230924152856.0
008 - FIXED-LENGTH DATA ELEMENTS
- fixed length control field: 230924|| aca||aabn | a|a d
040 ## - CATALOGING SOURCE
- Original cataloging agency: BD-RjUL
- Transcribing agency: BD-RjUL
100 ## - HEADING--PERSONAL NAME
- Personal name: Harurn al Rashid Abbasi
670 ## - SOURCE DATA FOUND
- Source citation: Work cat.: (BD-RjUL)81980: كانپوری٫ عبدالرزاق ;; Kanpuri, Abdul Razzaq 9167, برامکہ : خلیفہ ہارون الرشید عباسی کے ناموروزرایحی فضل و جعفربرمكي كى مفصل سوانخ عمري ;; Baramkeh: Harun al-Rashid Abbasi’s successor, Namoruz Zarahihi Fadl and Jafar Barmaki, ironed out the joints of my life’s joints./ /, 1961